|
|
|
|
| LEADER |
00798nam a2200157Ia 4500 |
| 001 |
UIH_01017 |
| 008 |
230809s9999 xx 000 0 und d |
| 082 |
|
|
|a 628.162
|
| 100 |
|
|
|a Lê Nguyễn Phương Giang
|
| 245 |
|
0 |
|a Nghiên cứu khử Nitơ trong nước thải chế biến thủy sản bằng phương pháp sinh học theo mẻ SBR (Sequencing Batch Reactor) : Luận văn Thạc sĩ Chuyên ngành Kỹ thuật Môi trường
|
| 245 |
|
0 |
|c Lê Nguyễn Phương Giang
|
| 260 |
|
|
|b Trường Đại học Công nghiệp Tp. Hồ Chí Minh
|
| 260 |
|
|
|c 2014
|
| 650 |
|
|
|a Kỹ thuật môi trường;Nước thải;
|
| 927 |
|
|
|a Luận văn
|
| 980 |
|
|
|a Trung tâm Thư viện - Trường Đại học Công nghiệp TP. Hồ Chí Minh
|